01915nam a22002417a 4500008004100000020001800041040000800059041001300067100003700080245010000117260003400217300004100251520098100292650003601273650005401309650006701363650004501430655002801475700004301503942000801546952010401554999001501658250618b |||||||| |||| 00| 0 eng d a9788425418761 ctbs ageraspa aCorcoll, Brigitte925517eauthor aProgramm b: alemán para hispanohablantes : gramáticac/ Brigitte Corcoll, Roberto Corcoll. aBarcelona : bHerder, c1996. a395 pages :billustrations ;c24 cm. aAlemán para hispanohablantes. Durante los últimos años, por razones económicas y culturales, el interés por el idioma alemán ha crecido de forma espectacular tanto en España como en la América de habla española. Hoy se sabe, además, que el estudio de una lengua extranjera, para ser eficaz, debe tener en cuenta la lengua ma terna del estudiante. Aquí radica justamente la originalidad de PROGRAMM: tanto la Gramática como en el libro de Ejercicios han sido pensados para hispanohablantes. La Gramática ofrece una guía completa teórica y práctica, por niveles, para el estudio del alemán. Puede usarse como libro de texto o como obra de consulta. Sus destinatarios principales son: á Estudiantes de alemán de enseñanza secundaria, alumnos de escuelas de idiomas, institutos alemanes, escuelas universitarias y universidades. á Profesores de alemán de esos mismos centros. á Estudiantes particulares, principiantes o ya avanzados.  0aGerman languagexGrammar925336 0aGerman languagevProblems, exercises, etc.924645 0aGerman language xStudy and teaching xForeign speakers913581 0aGerman languagexSelf-instruction924644 0aSelf-instruction924883 aCorcoll, Robertod1937-925518eauthor 2lcc 00102lcc4070aTBSbTBSd2025-06-18l0oP-DE LEARN CORpB02680r2025-06-18t1w2025-06-18yGERMAN c4770d4770